[Event "Ambalangoda Dhamso op 5th"]
[Site "Ambalangoda"]
[Date "2015.05.29"]
[Round "1"]
[White "Miraj, Akila"]
[Black "Gamage, Shakila Sudeshika"]
[Result "1-0"]
[WhiteElo "1864"]
[BlackElo "1392"]
[PlyCount "41"]
[EventDate "2015.05.29"]
[EventType "swiss"]
[EventRounds "9"]
[EventCountry "SRI"]
[SourceTitle "EXT 2016"]
[Source "ChessBase"]
[SourceDate "2015.10.08"]
[SourceVersion "1"]
[SourceVersionDate "2015.10.08"]
[SourceQuality "1"]

1. e4 e5 2. Nf3 Nc6 3. d4 d5 4. Bb5 dxe4 5. Nxe5 Bd7 6. Nxd7 Qxd7 7. d5 Qd8 8. dxc6 Qxd1+ 9. Kxd1 b6 10. Bf4 Rd8+ 11. Ke2 Bd6 12. Bg5 f6 13. Be3 Bc5 14. Bxc5 bxc5 15. Nc3 Rd4 16. Rad1 Rb4 17. Nd5 Rxb5 18. Nxc7+ Ke7 19. Rd7+ Kf8 20. Ne6+ Ke8 21. c7 1-0

[Event "Ambalangoda Dhamso op 4th"]
[Site "Ambalangoda"]
[Date "2014.05.01"]
[Round "3"]
[White "Visura, Ima"]
[Black "Miraj, Akila"]
[Result "1/2-1/2"]
[WhiteElo "1473"]
[BlackElo "1911"]
[PlyCount "63"]
[EventDate "2014.04.30"]
[EventType "swiss"]
[EventRounds "9"]
[EventCountry "SRI"]
[SourceTitle "CBM 160 Extra"]
[Source "ChessBase"]
[SourceDate "2014.07.01"]
[SourceVersion "1"]
[SourceVersionDate "2014.07.01"]
[SourceQuality "1"]

1. d4 Nf6 2. Nf3 c6 3. e3 d5 4. Bd3 Nbd7 5. b3 e6 6. Bb2 Ne4 7. 0-0 f5 8. Ne5 Qg5 9. f4 Qh4 10. Rf3 Nxe5 11. fxe5 h5 12. Bxe4 dxe4 13. Rh3 Qg5 14. Na3 Bxa3 15. Bxa3 Bd7 16. Rg3 Qh6 17. h4 0-0-0 18. Rg5 Kb8 19. Bd6+ Ka8 20. a4 g6 21. c4 Rh7 22. b4 Rf7 23. g3 Qg7 24. a5 a6 25. c5 Be8 26. Qe2 Rfd7 27. Qa2 Bf7 28. Qe2 Qg8 29. Qb2 Qe8 30. Qe2 Qg8 31. Qb2 Qe8 32. Qe2 1/2-1/2